3-Letter Words Ending in X Quiz Stats

 Plays Quiz Updated Aug 2, 2015

Challenge
Share
Tweet
Embed
Score 0/34 Timer 03:00
2 Plays Today
_ _ X % Correct
box
87.9%
sex
87.5%
max
86.9%
tax
86.1%
fox
85.8%
fax
84.8%
mix
84.6%
fix
84.5%
lax
84%
sax
83.3%
lox
83%
pox
81.6%
six
81.6%
cox
80.9%
sox
79%
pix
78.8%
nix
78.6%
_ _ X % Correct
hex
78.2%
wax
77.4%
tix
75.5%
pax
75.3%
lex
73.1%
rex
72.6%
lux
69.6%
tux
67.5%
rax
67.4%
vex
63.7%
dex
62.3%
vox
60.4%
mux
56.5%
gox
50.9%
zax
38.1%
kex
29.7%
pyx
23%

You're not logged in!

Compare scores with friends on all Sporcle quizzes.
Join for Free
OR
Log In

You Might Also Like...

Show Comments

Extras

Top Quizzes Today


Score Distribution

Your Account Isn't Verified!

In order to create a playlist on Sporcle, you need to verify the email address you used during registration. Go to your Sporcle Settings to finish the process.

Report this User

Report this user for behavior that violates our Community Guidelines.

Details: